000
00253nam a22001097a 4500
999
_c
260697
_d
260693
020
_a
9780062304254
100
_a
James Dean
245
_a
Pete the Cat-Storybook Collection
260
_a
New York
_b
HarperCollins
_c
2016
300
_a
192 pgs
942
_c
BK